| 000 | 00555nam a2200157Ia 4500 | ||
|---|---|---|---|
| 008 | 220216s9999 xx 000 0 und d | ||
| 100 | _aRamachandran Padma | ||
| 245 | 0 | _aMolecular investigations on etiological agent of tapping panel dryness disease of rubber | |
| 260 | _b5th International Conference on Plant Pathology in the Globalized Era, 10-13 November 2009, New Delhi, India, pp. 42 | ||
| 650 | _aTapping panel dryness | ||
| 700 | _aAbraham Thomson | ||
| 700 | _aKumar Ajay | ||
| 700 | _aMalathi V.G. | ||
| 700 | _aMathew Jacob | ||
| 942 | _cBS | ||
| 999 |
_c52313 _d52313 |
||